[Event "Pan American University-ch"]
[Site "Dallas"]
[Date "2009.01.01"]
[Round "4.1"]
[White "Kritz, Leonid"]
[Black "Ramirez Alvarez, Alejandro"]
[Result "1-0"]
[WhiteElo "2592"]
[BlackElo "2532"]
[Annotator "Kritz,L"]
[PlyCount "69"]
[EventDate "2008.12.27"]
[EventType "team-game"]
[EventRounds "6"]
[EventCountry "USA"]
[SourceTitle "CBM 128"]
[Source "ChessBase"]
[SourceDate "2009.01.28"]
[SourceVersion "1"]
[SourceVersionDate "2009.01.28"]
[SourceQuality "1"]

1. e4 Nf6 2. e5 Nd5 3. d4 d6 4. Nf3 ({Die andere Variante ist} 4. c4 Nb6 5.
exd6 {wonach Schwarz jedoch mittels 5...exd6 eine spielbare Stellung bekommen
kann:} exd6 $1 (5... cxd6 6. Nc3 g6 7. Be3 Bg7 8. Rc1 O-O 9. b3 $14) 6. Nc3 Be7
7. h3 O-O 8. Nf3 Re8 9. Be2 Bf6 10. O-O Nc6 11. b3 Bf5 12. Be3 h6 13. Qd2 d5
14. c5 Nc8 15. a3 N8e7 16. b4 a6 $132 {Boskovic - Ramirez (Richardson, 2008)})
4... dxe5 5. Nxe5 c6 6. h3 $5 {Sicherlich ist es kein Hauptzug, aber für die
eine Partie könnte es genug sein. Die beste Alternative und der richtige Weg,
den Vorteil zu erspielen, ist 6.Be2.} (6. Be2 $1 Bf5 (6... Nd7 7. Nf3 Qc7 8.
O-O e6 9. c4 Nf4 10. Nc3 Be7 11. Re1 Nxe2+ 12. Qxe2 O-O 13. Bg5 $14 {Anand -
Mamedyarov (Nice, 2008)}) 7. g4 Be6 8. c4 Nb6 9. b3 f6 10. Nd3 Qxd4 11. Bb2 Qd8
12. Nc3 $44 {Kasparov - Short (Moscow, 2002)}) 6... Nd7 (6... Bf5 7. g4 Be6 8.
c4 Nb6 9. b3 f6 10. Nf3 $14 {Der weißfeldrige Läufer kommt später auf die
große Diagonale über g2.}) 7. Nf3 g6 (7... e6 {Solid aber passiv. Der Bc8 wird
lange brauchen, um das Leben zu genießen.} 8. c4 N5f6 9. Nc3 Bd6 10. Be2 O-O
11. O-O $14 {Bauer - Luther (Bled, 2002)}) 8. c4 $5 $146 {Eine interessante,
aber zweischneidige Idee. Es ist doch besser, den traditionellen Plan mit der
kurzen Rochade durchzuführen.} (8. Bc4 Bg7 9. O-O O-O 10. Re1 {Die weiße
Aufgabe besteht darin, in erster Linie die Befreiungsvorstöße e5 und c5 zu
unterbinden.} e6 11. c3 c5 (11... N5b6 12. Bd3 c5 13. Bg5 Qc7 14. Nbd2 cxd4 15.
cxd4 $14 {Offensichtlich hat Weiß eine gute Isolanistellung bekommen - alle
seine Figuren sind entwickelt, der schwarze Läufer c8 wird noch eine Weile
brauchen, um rauszukommen, auch die schwarze Dame steht auf c7 alles andere
als gut.}) 12. Bxd5 exd5 13. dxc5 Nxc5 14. Be3 Ne4 15. Nbd2 Re8 16. Bd4 f6 17.
Qb3 Kh8 18. Rad1 Be6 19. Qxb7 Rb8 20. Qxa7 Rxb2 21. c4 Qb8 22. Qxb8 Rbxb8 23.
Nxe4 dxe4 24. Rxe4 Bxc4 25. Rxe8+ Rxe8 26. a4 Be2 27. Re1 Re4 28. Bc3 Kg8 29.
Nd2 Re6 30. Nb3 Bc4 31. Rxe6 Bxe6 32. Nc5 Bd5 33. a5 Kf7 34. a6 Ke7 35. Na4 Kd6
36. Nb6 Bc6 37. a7 Kc7 38. Bd4 f5 39. a8=N+ {1-0 Macieja,B (2622)-Rozentalis,E
(2591)/Warsaw POL 2006/The Week in Chess 634}) 8... Nc7 $5 9. Nc3 Bg7 10. Bf4 {
Ich will um jeden Preis den Vorstoß ...e5 verhindern.} (10. Be2 O-O 11. O-O e5
12. d5 c5 (12... cxd5 13. cxd5 Ne8 14. Nd2 Nd6 15. Nde4 $36) 13. Nd2 Ne8 14.
Nde4 h6 (14... f5 15. Ng5 $14) 15. f4 f5 16. Nf2 (16. fxe5 $5 fxe4 17. e6 Ndf6
18. Bf4 Nd6 19. Qd2 Kh7 20. Rf2 b6 21. b3 Bb7 22. Raf1) 16... e4 17. Be3 Nd6
18. Qd2 b6 $132) 10... O-O 11. Qd2 (11. Be2 $5 b5 $1 (11... Re8 12. O-O {
Und Schwarz kann den Vorstoß ...e5 nicht mehr durchführen.} e5 $2 13. dxe5 Nxe5
(13... Ne6 14. Bg3 Qc7 15. Ne4 Nxe5 16. Nxe5 Bxe5 17. Nf6+ $18) 14. Qxd8 Nxf3+
15. Bxf3 Rxd8 16. Bxc7 $18) 12. cxb5 Nxb5 13. Nxb5 cxb5 14. O-O a6 15. Rc1 Nf6
16. Ne5 Nd5 17. Bg3 Bb7 18. Bf3 e6 $132 {Die schwarze Stellung ist in Ordnung.}
) 11... Re8 (11... c5 {Während der Partie hatte ich Angst, dass Schwarz die
Stellung öffnen und die Lage des weißen Königs im Zentrum ausnutzen kann. Doch
es scheint nicht der Fall zu sein.} 12. d5 (12. dxc5 Ne6 13. Bh6 Ndxc5 14. Bxg7
Qxd2+ 15. Kxd2 Kxg7 16. b4 Nd7 $11) 12... e5 13. Bg5 f6 14. Be3 Ne8 (14... f5
15. Bg5 Bf6 16. Bxf6 Qxf6 17. d6 Ne8 (17... Ne6 18. Nd5 Qg7 19. O-O-O e4 20.
Ng5 Nd4 21. Nc7 Rb8 22. Nce6 $16) 18. O-O-O e4 19. Ng5 h6 20. Qd5+ Kh8 21. h4
$1 $16) 15. g4 $1 $14) 12. O-O-O {Wer A sagt muss auch B sagen. Ich schließe
nicht aus, dass aus praktischer Sicht das ruhige 12.Be2 doch besser wäre - in
der Partie ging Weiß ein großes Risiko ein.} (12. Be2 $5 b5 13. O-O (13. cxb5
cxb5 14. Nxb5 $2 Nxb5 15. Bxb5 Qb6 16. Ba4 Qa6 17. Qc2 e5 18. dxe5 Nxe5 19.
Bxe8 Nd3+ 20. Kd2 Nxf4 $44) 13... bxc4 14. Bxc4 Nb6 15. Bb3 Ba6 16. Rfe1 Bc4
$132) 12... b5 $1 {Schwarz wählt die richtige Strategie - er will Linien am
Damenflügel öffnen, um dem weißen König Sorgen zu machen.} 13. Ne5 $2 (13. h4
$1 {wäre stärker gewesen.} Nf6 (13... bxc4 14. Bxc4 Nb6 15. Bb3 Bg4 (15... h5
16. Ne5 Ncd5 17. Nxc6 Qd7 18. Ne5 Qb7 19. Bh6 $16) 16. Ne5 Be6 (16... Bxd1 17.
Bxf7+ Kf8 18. Bh6 $18) (16... Bxe5 17. Bxe5 Bxd1 18. Qh6 $18) 17. h5 Bxb3 18.
axb3 Ncd5 19. hxg6 hxg6 20. Bh6 Bf6 (20... Bh8 21. Bf8 $3)) 14. Ne5 Bb7 15. f3
$1 {Bereitet das Feld e4 für den Springer c3, falls Schwarz ...b4 spielt.} bxc4
(15... b4 16. Ne4 Nxe4 17. fxe4 Ne6 18. c5 $1 Nxf4 19. Qxf4 f6 20. Bc4+ e6 21.
Nf3 $16) 16. Bxc4 Ncd5 17. Bh6 $40 {Es ist offensichtlich, dass Weiß mit
seinem Angriff schneller vorankommt.}) 13... Bb7 (13... Nxe5 14. Bxe5 bxc4 15.
Bxc4 Bxe5 16. dxe5 Qxd2+ (16... Be6 17. Qh6 Qc8 18. Ne4 $18) 17. Rxd2 Be6 18.
Bxe6 Nxe6 19. Rhd1 Red8 20. Rd7 $14) 14. Be2 Nb6 $2 (14... Ne6 $1 {Hier hätte
Schwarz die Ungenauigkeit von Weiß im 13. Zug ausnutzen können.} 15. cxb5 (15.
Nxd7 Qxd7 16. Be5 Red8 $15 {xd4}) 15... Nxf4 $1 (15... cxb5 16. Bxb5 (16. Nxd7
b4 $1 $17) 16... Nxe5 17. Bxe5 Rf8 18. Bxg7 Nxg7 (18... Kxg7 19. d5 Nc7 20. Bc6
$18) 19. d5 Qc7 20. Rhe1 Rfd8 21. Kb1 $16 {Die weißen Figuren sind zu aktiv,
Schwarz hat nichts für den Bauern.}) 16. Qxf4 Nxe5 17. dxe5 Qc7 18. Bc4 Bxe5 $1
(18... e6 19. Rhe1 (19. Rd6 cxb5 20. Bxb5 Red8 21. Rhd1 Bd5 $3 {\//\Bxe5} 22.
Rxd8+ Rxd8 $17) 19... Rad8 20. Rxd8 Rxd8 21. g3 $13) 19. Qxf7+ Kh8 20. bxc6
Bxc6 $44) 15. c5 $1 {Die Stellungsbewertung ändert sich mit jedem Zug.} Nbd5 (
15... b4 $2 16. Ne4 Nbd5 17. Bh6 $16 {Mit vier Springern auf dem Brett hat
Schwarz es sogar schwerer.}) 16. Nxd5 Nxd5 17. Bf3 $2 {Ein unglaublicher
Fehler. Der Zug 17.Bh6 bietet sich an... Wie man ihn nicht spielen kann, ist
mir immer noch ein Rätsel.} (17. Bh6 Bxe5 (17... Bh8 18. h4 Qc7 19. f4 $16) 18.
dxe5 Qc7 19. e6 f6 20. Bf3 Rad8 21. Kb1 $16 {Schwarz hat sehr schlechte
Aussichten mit seinem Läufer auf b7.}) 17... f6 (17... Nxf4 $2 18. Qxf4 f6 19.
Nxc6 Qc8 20. Na5 $18) 18. Ng4 Qd7 $2 {Zum zweiten Mal nutzt Alejandro meinen
Fehler nicht aus. 18....h5 würde die Partie zu verrückten Komplikationen
führen, die wohl mit einem Unentschieden enden würden.} (18... h5 {Wenn Weiß
jetzt keine Taktik hat und 19.Nh2 spielen muss, dann steht Schwarz einfach
besser.} 19. Bh6 $1 (19. Nh6+ Kh7 20. Nf7 Qd7 21. Bh6 (21. g4 Nxf4 22. Qxf4 e5
$19) 21... Rf8 22. Bg4 (22. Bxg7 Kxg7 23. Qh6+ Kxf7 24. Qh7+ Ke8 25. Qxg6+ Kd8
26. Qxh5 Qe8 $17) 22... Qc7 23. Bxg7 $8 (23. Be6 Rxf7 24. Bxf7 (24. Bxg7 Rxg7
$19) 24... Bxh6 $19) 23... Kxg7 24. Qh6+ Kxf7 25. Qh7+ Ke8 26. Qxg6+ Kd8 27.
Bxh5 Qf4+ $19) (19. Nh2 e5 20. dxe5 Qe7 21. Bxd5+ cxd5 22. exf6 Qxc5+ 23. Kb1
Bxf6 24. Nf3 d4 $17) 19... hxg4 20. hxg4 Qc7 $1 {Der einzige Zug!} (20... Kf7
21. Bxg7 Kxg7 22. Qh6+ Kf7 23. Be4 Rg8 (23... Ke6 24. Bxg6 Kd7 25. Bxe8+ Qxe8
26. g5 $16) 24. Qh7+ Kf8 (24... Ke6 25. Bxg6 Kd7 26. Bf5+ Kc7 27. Qh2+ e5 28.
dxe5 Rh8 29. Qg3 $18) 25. Bxg6 Rg7 26. Qh8+ Rg8 27. Qh6+ Rg7 28. g5 $14 {
Weiß hat ein sicheres Remis und kann versuchen, mehr aus der Stellung
herauszuholen.}) (20... Rf8 21. Be4 $1 Rf7 (21... f5 22. gxf5 gxf5 23. Bxg7
Kxg7 24. Rh7+ $1 Kxh7 25. Qg5 $18) 22. Bxg6 $16) 21. Be4 $1 Bxh6 $1 {Ich denke,
Schwarz muss das Remis forcieren, ansonsten riskiert er viel. Das Läufer auf
b7 spielt nicht mit, deswegen ist die Figur, die Schwarz mehr hat, momentan
nicht zu spüren. Der schwarze König dagegen ist in Gefahr.} (21... e6 22. Bxg6
Red8 23. Bh7+ Kf8 24. Bc2 $44) (21... e5 22. Bxg6 Re7 23. Bxg7 Rxg7 24. Qh6 Kf8
25. Rh5 Ne7 26. Bh7 $18) 22. Rxh6 Kg7 $3 (22... Kf7 23. Bxg6+ Ke6 (23... Kg7
24. Rh7+ Kg8 25. Rh8+ Kxh8 26. Qh6+ Kg8 27. Qh7+ Kf8 28. Qf7#) 24. Bf5+ Kf7 25.
Rh7+ Kg8 26. Rdh1 $18) 23. Rxg6+ (23. Rh7+ {Sichert das sofortige Remis.} Kxh7
24. Rh1+ Kg8 25. Rh8+ (25. Kb1 g5 26. Bxd5+ cxd5 27. Qd3 e5 $19) (25. Bxg6 Qf4
$19) 25... Kxh8 26. Qh6+ Kg8 27. Qxg6+ Kf8 28. Qh6+ $11) (23. Bxg6 Qf4 24. Rdh1
Qxd2+ 25. Kxd2 Rh8 $19) 23... Kf7 24. Rh6 Rh8 25. g3 $1 (25. Rdh1 Rxh6 26. Rxh6
Rg8 $17) 25... Rxh6 26. Qxh6 Rg8 27. Qh7+ Kf8 28. Qh6+ Rg7 (28... Ke8 29. Bg6+
Kd7 30. Bf5+ Kd8 31. Be6 Re8 32. Bf7 $14) 29. Qh8+ Rg8 $11) 19. Bh6 $1 {
Man lässt die Chance nicht zweimal aus.} Bh8 $6 {Der weiße Angriff wird nur
noch gefährlicher, wenn die Läufer auf dem Brett bleiben.} (19... Bxh6 20. Qxh6
Qf5 $1 (20... Rf8 21. h4 e6 22. h5 Qg7 23. Bxd5 exd5 24. hxg6 hxg6 25. Qf4 $16)
21. Qd2 (21. Bxd5+ Qxd5 22. Kb1 Qe4+ 23. Ka1 Rad8 $132) 21... Kg7 22. h4 $14)
20. h4 {Der Sturm beginnt!} e5 $5 {Schwarz will nicht einfach abwarten, bis er
geschlachtet wird.} (20... Rad8 21. h5 g5 22. Bxg5 $1 fxg5 23. Qxg5+ Kf8 24.
Rh3 $1 (24. Qh6+ Kg8 (24... Bg7 25. Qxh7 Qe6 26. h6 Bf6 27. Nxf6 Qxf6 28. Bh5
$18) 25. Qg5+ $11 {garantiert ein Remis.}) 24... Qe6 (24... Nf6 25. Ne5 Qe6 26.
Qf4 $3 Qxa2 27. Rg3 Bg7 28. Qg5 Qg8 29. Re1 $1 Rxd4 30. h6 Bh8 31. Qe3 Qa2 32.
Qxd4 $18) 25. Rg3 Nf6 26. Nxf6 Bxf6 (26... exf6 27. Qh6+ Ke7 28. Qxh7+ Qf7 29.
Re1+ $18) 27. Qh6+ Kf7 28. Qxh7+ Kf8 29. Qh6+ Kf7 30. Qg6+ Kf8 31. Be4 $18) (
20... e6 {Das ist schon eine Art strategischer Aufgabe. Weiß kann einfach mit
21.Rhe1 fortsetzen, aber es gibt auch noch eine taktische Lösung.} 21. Rh3 (21.
Rhe1 $16) 21... Rad8 (21... Re7 22. Rg3 $16) 22. h5 g5 23. Bxg5 $1 fxg5 24.
Nh6+ Kf8 25. Bxd5 Qxd5 26. Rf3+ Kg7 27. Nf5+ $1 exf5 28. Qxg5+ Kf7 29. Rxf5+
Qxf5 30. Qxf5+ Kg8 31. Qg5+ Kf8 32. Qf4+ Kg8 33. Rd3 $18) 21. dxe5 fxe5 22. h5
e4 23. hxg6 $1 exf3 (23... hxg6 24. Bg5 $3 exf3 (24... Bg7 25. Be2 Qf5 26. Bh6
$1 Bh8 27. Be3 Bg7 28. Bd4 $18) 25. Rxh8+ Kxh8 26. Nf6 Qf7 27. Rh1+ Kg7 28.
Rh7+ Kf8 29. Bh6+ Ke7 30. Nxd5+ cxd5 31. Bg5+ $18) 24. Qg5 $3 {Nur so! Nichts
bringt 24.gxh7+. Jetzt hat Weiß die Doppeldrohung: 25.gxh7+ und 25.g7.} (24.
gxh7+ $2 Qxh7 25. Qg5+ Kf7 26. Rxd5 cxd5 27. Qf4+ Kg8 28. Qg5+ Kf7 $11) 24...
Re4 {Schwarz ist hilflos. In allen Varianten hat Weiß einen sicheren Weg zum
Sieg.} (24... Re2 25. g7 $1 fxg2 (25... Bxg7 26. Nf6+ Kh8 27. Bxg7+ Qxg7 28.
Rxh7+ Qxh7 29. Nxh7 fxg2 30. Nf6 $18) 26. Rhg1 Qe7 27. Rxd5 Bxg7 28. Bxg7 Qxg5+
29. Rxg5 $18) (24... Re6 25. gxh7+ Kf7 26. Rh3 $18) (24... Qe6 25. gxh7+ Kf7
26. Rh3 $18) (24... fxg2 25. gxh7+ Kf7 26. Rh3 $18) 25. gxf3 Rc4+ (25... Re6
26. gxh7+ Kf7 27. Qf5+ Ke7 (27... Bf6 28. Nxf6 $18) 28. Bg5+ Ke8 29. Rhe1 $18)
(25... Rxg4 26. gxh7+ Kf7 27. fxg4 Qe6 28. Rhe1 Qf6 29. Qh5+ Qg6 30. Rxd5 cxd5
31. Re7+ $18) (25... Bxb2+ 26. Kxb2 Re2+ 27. Ka1 $18) (25... Re2 26. g7 Bxg7
27. Rxd5 $18) 26. Kb1 Rxc5 27. gxh7+ Kf7 28. Qh5+ (28. Qf4+ {Gewinnt auch
ziemlich leicht.} Nxf4 29. Rxd7+ Ke6 30. Rxb7 $18) 28... Ke7 (28... Ke6 29.
Rhe1+ Kd6 30. Bf4+ $18) 29. Bg5+ Kf8 (29... Kd6 30. Bf4+ Ke7 31. Rhe1+ Kd8 32.
Qg5+ Kc8 33. Qg8+ Qd8 34. Re8 $18) 30. Qh6+ Kf7 (30... Qg7 31. Qd6+ Ne7 (31...
Kf7 32. Nh6+ Ke8 33. Rhe1+) 32. Bh6 $18) 31. Ne5+ $1 {Die Abschlusskombination.
Das Feld h8 muss befreit werden.} Bxe5 32. Qh5+ Kg7 (32... Ke6 33. Qg6+ Bf6 34.
Rhe1+ Kd6 35. Bf4#) (32... Kf8 33. h8=Q+ Bxh8 34. Qxh8+ Kf7 35. Qh7+ Kf8 (35...
Ke8 36. Qg8#) (35... Ke6 36. Rhe1+ Kd6 37. Bf4#) 36. Qxd7 $18) 33. h8=Q+ Rxh8
34. Qxh8+ Kf7 35. Qxe5 {Nach 35....Nc3+ folgt einfach 36.Qxc3 Qf5+ 37.Qd3
Qxd3+ 38.Rxd3 Rxg5 39.Rd7 und 40.Rxb7+-.} 1-0

[Event "Hoogovens"]
[Site "Wijk aan Zee"]
[Date "1996.01.21"]
[Round "7"]
[White "Leko, Peter"]
[Black "Timman, Jan H"]
[Result "1/2-1/2"]
[WhiteElo "2625"]
[BlackElo "2620"]
[Annotator "Leko,P"]
[PlyCount "67"]
[EventDate "1996.01.13"]
[EventType "tourn"]
[EventRounds "13"]
[EventCountry "NED"]
[EventCategory "17"]
[SourceTitle "CBM 051"]
[Source "ChessBase"]
[SourceDate "1996.04.01"]
[SourceVersion "1"]
[SourceVersionDate "1996.04.01"]
[SourceQuality "1"]

1. e4 Nf6 2. e5 Nd5 3. d4 d6 4. Nf3 g6 5. Bc4 Nb6 6. Bb3 Bg7 7. Qe2 O-O 8. h3
a5 9. a4 Nc6 10. O-O dxe5 11. dxe5 Nd4 12. Nxd4 Qxd4 13. Re1 Bd7 (13... Bf5 $5
14. Nd2 Qd7 15. Nf3 Be6 16. Rd1 Qc8 17. Qb5 Bxb3 18. Qxb3 $14) 14. Nc3 $1 (14.
c3 Qh4 15. Nd2 Bc6 16. Nf3 (16. Ne4 Bxe5 17. Bg5 Qxe4 18. Qxe4 Bxe4 19. Rxe4
Nd7 20. Rd1 Bd6 21. Bxe7 Nc5 $1 $10 {Stefansson-Egger Moszkva(ol) 1994}) 16...
Qh5 17. Nd4 Qxe2 18. Rxe2 Bd5 $10) 14... Bc6 $5 {N} (14... e6 15. Bg5 h6 (15...
Qb4 16. Ne4 $1) (15... Qc5 16. Qg4 Bc6 17. Ne4 Bxe4 18. Qxe4 $14) 16. Be7 Rfe8
17. Rad1 Qf4 18. Bc5 $14) 15. Nb5 $1 (15. e6 f5 16. Bg5 Qb4 $132) 15... Bxb5
16. Qxb5 c6 17. Qe2 Nd5 18. c3 Qb6 (18... Qh4 $2 19. Qf3 e6 $8 (19... Rad8 20.
Re4 $16) 20. Bd2 $16) 19. Bc4 $1 (19. Bc2 f5 $1 $10) 19... Rad8 20. Bg5 $2 (20.
h4 $1 h5 (20... Qc5 21. h5 Bxe5 22. Qxe5 Qxc4 23. Bh6 f6 24. Qg3 $16) 21. Bg5
$16) 20... h6 $1 21. Bc1 (21. Bh4 Qc5 $10 {XBh4}) 21... e6 22. h4 Rd7 $1 $132 (
22... h5 23. Bg5 $16) 23. g3 (23. h5 $6 g5 24. Qe4 f5 $1 25. exf6 Rxf6 $13)
23... Rfd8 24. Kg2 Qc5 25. Bb3 Qb6 26. Bc4 Qc5 27. Bb3 Qb6 28. Qc4 $5 (28. Bc4
$10) 28... Ne7 $1 29. Be3 Qc7 30. Qe2 $5 (30. Qe4 Nf5 31. Bf4 Qb6) 30... Nf5 (
30... Qxe5 $5 31. Bb6 $1 Qxe2 32. Rxe2 Rf8 $1 (32... Ra8 33. Rxe6 $1 $14) 33.
Bxa5 (33. Rxe6 $2 Nc8 $1) 33... Nd5 34. Bxd5 (34. c4 $6 Ne7 $1 {Xd4}) 34...
Rxd5 $1 (34... cxd5 35. Bb6 Ra8 36. a5 Rd6 37. Ra3 Rc6 38. Rb3 $14) 35. Bb6 Ra8
36. a5 Bf6 $10) 31. Bf4 Qb6 32. Bc4 Qc5 33. Rab1 Bf8 34. Bb3 1/2-1/2

[Event "EU-ch 13th"]
[Site "Plovdiv"]
[Date "2012.03.31"]
[Round "11"]
[White "Boruchovsky, Avital"]
[Black "Savchenko, Boris"]
[Result "1-0"]
[WhiteElo "2333"]
[BlackElo "2580"]
[Annotator "Let's Check"]
[PlyCount "57"]
[EventDate "2012.03.20"]
[EventType "swiss"]
[EventRounds "11"]
[EventCountry "BUL"]
[SourceTitle "CBM 148"]
[Source "ChessBase"]
[SourceDate "2012.05.16"]
[SourceVersion "1"]
[SourceVersionDate "2012.05.16"]
[SourceQuality "1"]

1. e4 Nf6 2. e5 Nd5 3. d4 d6 4. Nf3 dxe5 5. Nxe5 Nd7 6. Nxf7 Kxf7 7. Qh5+ Ke6
8. c4 N5f6 9. d5+ Kd6 10. Qf7 Ne5 11. Bf4 c5 12. Nc3 a6 13. Bd3 g6 14. b4 Qc7
15. bxc5+ $6 (15. O-O Kd7 16. Qe6+ $16) 15... Kxc5 $6 (15... Qxc5 16. O-O Qd4
$11) 16. Na4+ $16 Kd4 17. O-O-O Bh6 18. Bxh6 Nxd3+ 19. Rxd3+ Kxd3 20. Rd1+ Ke2
21. d6 Qd7 22. Nc3+ Kxf2 23. Ne4+ $2 (23. c5 Qg4 24. Ne4+ $1 $18) 23... Kxg2
$14 24. Rd2+ Kf3 $2 (24... Kh3 25. dxe7 Qf5 $16) 25. Rf2+ Kxe4 26. Rxf6 e6 27.
Rf4+ Kd3 28. Rf3+ Kd4 29. Be3+ 1-0